[Event "Marianske Lazne IM-B2 17th"]
[Site "Marianske Lazne"]
[Date "2018.01.24"]
[Round "6"]
[White "Turner, Jan"]
[Black "Solozhenkina, Elizaveta"]
[Result "1/2-1/2"]
[WhiteElo "2368"]
[BlackElo "2190"]
[PlyCount "62"]
[EventDate "2018.01.20"]
[EventType "tourn"]
[EventRounds "9"]
[EventCountry "CZE"]
[EventCategory "1"]
[SourceTitle "CBM 182 Extra"]
[Source "ChessBase"]
[SourceDate "2018.02.23"]
[SourceVersion "1"]
[SourceVersionDate "2018.02.23"]
[SourceQuality "1"]

1. Nf3 Nf6 2. d4 g6 3. Bf4 Bg7 4. e3 0-0 5. h3 d6 6. c3 Nbd7 7. Bh2 b6 8. Nbd2 Bb7 9. Be2 c5 10. 0-0 a6 11. a4 Re8 12. Re1 Ne4 13. Nxe4 Bxe4 14. Bc4 d5 15. Be2 e5 16. dxe5 Nxe5 17. Bxe5 Bxe5 18. Nxe5 Rxe5 19. Bd3 Qe7 20. Bxe4 dxe4 21. Qe2 a5 22. Red1 Rd8 23. Rxd8+ Qxd8 24. Rd1 Rd5 25. Rxd5 Qxd5 26. Qb5 Qd1+ 27. Kh2 Qd6+ 28. g3 Kg7 29. Kg2 Qd1 30. Qxb6 Qf3+ 31. Kg1 Qd1+ 1/2-1/2

[Event "Marianske Lazne IM-B2 17th"]
[Site "Marianske Lazne"]
[Date "2018.01.21"]
[Round "2"]
[White "Csiki, Endre"]
[Black "Turner, Jan"]
[Result "1/2-1/2"]
[WhiteElo "2093"]
[BlackElo "2368"]
[PlyCount "36"]
[EventDate "2018.01.20"]
[EventType "tourn"]
[EventRounds "9"]
[EventCountry "CZE"]
[EventCategory "1"]
[SourceTitle "CBM 182 Extra"]
[Source "ChessBase"]
[SourceDate "2018.02.23"]
[SourceVersion "1"]
[SourceVersionDate "2018.02.23"]
[SourceQuality "1"]

1. e4 Nc6 2. Nf3 d6 3. d4 Nf6 4. Nc3 g6 5. Bb5 a6 6. Bxc6+ bxc6 7. 0-0 Bg7 8. h3 0-0 9. Be3 h6 10. Re1 Kh7 11. Nd2 Nd7 12. a4 a5 13. Rb1 e5 14. dxe5 Nxe5 15. Ne2 Ba6 16. f4 Nc4 17. Nxc4 Bxc4 18. Bd4 Bxe2 1/2-1/2

[Event "Marianske Lazne IM-B2 17th"]
[Site "Marianske Lazne"]
[Date "2018.01.20"]
[Round "1"]
[White "Turner, Jan"]
[Black "Chudinovskikh, Alexander M"]
[Result "1/2-1/2"]
[WhiteElo "2368"]
[BlackElo "2225"]
[PlyCount "22"]
[EventDate "2018.01.20"]
[EventType "tourn"]
[EventRounds "9"]
[EventCountry "CZE"]
[EventCategory "1"]
[SourceTitle "CBM 182 Extra"]
[Source "ChessBase"]
[SourceDate "2018.02.23"]
[SourceVersion "1"]
[SourceVersionDate "2018.02.23"]
[SourceQuality "1"]

1. b3 e5 2. Bb2 Nc6 3. e3 Nf6 4. Bb5 Bd6 5. Na3 a6 6. Be2 Be7 7. Nc4 e4 8. d4 0-0 9. Nh3 d5 10. Ne5 Bb4+ 11. c3 Bd6 1/2-1/2

[Event "Pardubice op rapid 28th"]
[Site "Pardubice"]
[Date "2017.07.20"]
[Round "8"]
[White "Turner, Jan"]
[Black "Chigaeva, Anastasia"]
[Result "1/2-1/2"]
[WhiteElo "2365"]
[BlackElo "2186"]
[PlyCount "159"]
[EventDate "2017.07.19"]
[EventType "swiss (rapid)"]
[EventRounds "9"]
[EventCountry "CZE"]
[SourceTitle "CBM 179 Extra"]
[Source "ChessBase"]
[SourceDate "2017.08.23"]
[SourceVersion "1"]
[SourceVersionDate "2017.08.23"]
[SourceQuality "1"]

1. b3 d5 2. Bb2 Nf6 3. Nf3 g6 4. c4 c6 5. g3 Bg7 6. Bg2 0-0 7. 0-0 Bg4 8. h3 Bxf3 9. Bxf3 e6 10. Bg2 Nbd7 11. Qc2 Rc8 12. d3 e5 13. Nd2 Re8 14. e3 Qe7 15. Rac1 Rcd8 16. a3 e4 17. d4 h5 18. b4 h4 19. g4 Nh7 20. cxd5 cxd5 21. Qc7 Nb6 22. Qxe7 Rxe7 23. Rc2 Ng5 24. Rfc1 Ree8 25. Rc7 Rc8 26. Rxc8 Rxc8 27. Rxc8+ Nxc8 28. f4 Ne6 29. Nb3 Nd6 30. Na5 Nd8 31. Bf1 b6 32. Nb3 Bf8 33. Nd2 g5 34. fxg5 Be7 35. Nb1 Bxg5 36. Kf2 Ne6 37. Nc3 Nc7 38. a4 f5 39. gxf5 Nxf5 40. Nd1 Kf7 41. Be2 Ne8 42. b5 Ng3 43. Bg4 Nd6 44. Nc3 Nc4 45. Bc1 Nh1+ 46. Kg2 Ng3 47. Nxd5 Kg6 48. Be2 Nd6 49. Bg4 Nc4 50. Nf4+ Bxf4 51. exf4 Nf5 52. Be2 Nce3+ 53. Kf2 Nd5 54. Bc4 Nc3 55. d5 Nxa4 56. Ba3 Nc5 57. Bb2 Nd6 58. Be2 Nf5 59. Be5 Nd3+ 60. Kg1 Ng3 61. Bg4 e3 62. d6 e2 63. Bc3 Nc5 64. d7 Nb7 65. Be1 Kf6 66. Bxg3 hxg3 67. Bxe2 Ke7 68. Bg4 Nd6 69. h4 Nxb5 70. h5 Nd6 71. h6 Nf7 72. h7 a5 73. f5 Kxd7 74. f6+ Kd6 75. Bh5 Nh8 76. Be8 Ke6 77. f7 Ke7 78. Kg2 a4 79. Bxa4 Kxf7 80. Kxg3 1/2-1/2

[Event "Pardubice op rapid 28th"]
[Site "Pardubice"]
[Date "2017.07.19"]
[Round "1"]
[White "Jazdanovs, Aleksandrs"]
[Black "Turner, Jan"]
[Result "0-1"]
[WhiteElo "2066"]
[BlackElo "2365"]
[PlyCount "60"]
[EventDate "2017.07.19"]
[EventType "swiss (rapid)"]
[EventRounds "9"]
[EventCountry "CZE"]
[SourceTitle "CBM 179 Extra"]
[Source "ChessBase"]
[SourceDate "2017.08.23"]
[SourceVersion "1"]
[SourceVersionDate "2017.08.23"]
[SourceQuality "1"]

1. e4 d6 2. d4 Nf6 3. Nc3 e5 4. dxe5 dxe5 5. Qxd8+ Kxd8 6. Bg5 c6 7. 0-0-0+ Ke8 8. f3 Be6 9. g3 Bb4 10. Nge2 Nfd7 11. Be3 Nb6 12. a3 Be7 13. Kb1 N8d7 14. Nc1 Nc4 15. Bf2 b5 16. a4 b4 17. N3a2 a5 18. Be2 Ncb6 19. f4 Bxa2+ 20. Kxa2 Nxa4 21. Nb3 Nab6 22. fxe5 a4 23. Nd4 b3+ 24. cxb3 axb3+ 25. Kb1 Nxe5 26. Nxc6 Nbc4 27. Nxe7 Kxe7 28. Bc5+ Ke6 29. Rd5 Ra2 30. Ba3 Nxa3+ 0-1

[Event "Pardubice op rapid 28th"]
[Site "Pardubice"]
[Date "2017.07.19"]
[Round "3"]
[White "Tarakanov, Oleg"]
[Black "Turner, Jan"]
[Result "1/2-1/2"]
[WhiteElo "2149"]
[BlackElo "2365"]
[PlyCount "49"]
[EventDate "2017.07.19"]
[EventType "swiss (rapid)"]
[EventRounds "9"]
[EventCountry "CZE"]
[SourceTitle "CBM 179 Extra"]
[Source "ChessBase"]
[SourceDate "2017.08.23"]
[SourceVersion "1"]
[SourceVersionDate "2017.08.23"]
[SourceQuality "1"]

1. e4 d6 2. d4 Nf6 3. Bd3 e5 4. c3 Be7 5. Ne2 0-0 6. 0-0 Nbd7 7. f4 c6 8. a4 Re8 9. Kh1 Bf8 10. Qc2 Ng4 11. h3 Ngf6 12. Be3 b6 13. Nd2 Bb7 14. Ng3 g6 15. f5 Bg7 16. Qb3 d5 17. fxg6 hxg6 18. Bg5 Qc7 19. Rf3 Nh7 20. Be3 Rf8 21. Raf1 c5 22. exd5 cxd4 23. cxd4 exd4 24. Bf4 Ne5 25. d6 1/2-1/2

[Event "Klatovy op 22nd"]
[Site "Klatovy"]
[Date "2016.07.09"]
[Round "8"]
[White "Hurdzan, Tomas"]
[Black "Turner, Jan"]
[Result "1/2-1/2"]
[WhiteElo "2208"]
[BlackElo "2387"]
[PlyCount "24"]
[EventDate "2016.07.02"]
[EventType "swiss"]
[EventRounds "9"]
[EventCountry "CZE"]
[SourceTitle "CBM 173 Extra"]
[Source "ChessBase"]
[SourceDate "2016.08.29"]
[SourceVersion "1"]
[SourceVersionDate "2016.08.29"]
[SourceQuality "1"]

1. e4 d6 2. d4 Nf6 3. Nc3 e5 4. dxe5 dxe5 5. Qxd8+ Kxd8 6. Bc4 Be6 7. Bxe6 fxe6 8. Be3 Bd6 9. f3 a6 10. Nh3 Ke7 11. Nf2 Nbd7 12. a4 b6 1/2-1/2

[Event "CZE-chT2A 1516"]
[Site "Czech Republic"]
[Date "2016.01.10"]
[Round "5.1"]
[White "Turner, Jan"]
[Black "Freisler, Pavel"]
[Result "1/2-1/2"]
[WhiteElo "2393"]
[BlackElo "2285"]
[PlyCount "42"]
[EventDate "2015.10.18"]
[EventType "team-tourn"]
[EventRounds "11"]
[EventCountry "CZE"]
[SourceTitle "EXT 2022"]
[Source "ChessBase"]
[SourceDate "2021.10.06"]
[SourceVersion "1"]
[SourceVersionDate "2021.10.06"]
[SourceQuality "1"]
[WhiteTeam "Line"]
[BlackTeam "Kladno"]
[WhiteTeamCountry "CZE"]
[BlackTeamCountry "CZE"]

1. d4 Nf6 2. Nc3 d5 3. Bg5 Nbd7 4. f3 h6 5. Bh4 c5 6. e4 dxe4 7. fxe4 cxd4 8. Qxd4 e5 9. Qa4 Bc5 10. 0-0-0 0-0 11. Nf3 Qc7 12. Bxf6 Nxf6 13. Bc4 Bd7 14. Bb5 Be6 15. Nd5 Bxd5 16. exd5 a6 17. Bd3 b5 18. Qh4 Rac8 19. Kb1 Nxd5 20. Qe4 Nf6 21. Qxe5 Qxe5 1/2-1/2